Understanding Machine Learning: From Theory to Algorithms

محفوظ في:
التفاصيل البيبلوغرافية
المؤلف الرئيسي: Shwartz
التنسيق: كتاب
منشور في: CUP
الوسوم: إضافة وسم
لا توجد وسوم, كن أول من يضع وسما على هذه التسجيلة!

MARC

LEADER 00000nam a2200000Ia 4500
005 20260513122055.0
020 |a 9781107512825 
100 |a Shwartz 
365 |c Rs. 
365 |b 20.00 
942 |c BK 
245 |a Understanding Machine Learning: From Theory to Algorithms 
260 |b CUP 
999 |c 136  |d 136 
952 |0 0  |1 0  |4 0  |7 0  |a UNSW  |b UNSW  |d 2026-04-29  |g 1195.00  |i 16670  |l 0  |p 000036  |r 2026-05-13 12:20:55  |v 1195.00  |w 2026-05-13  |y BK